ديوان إبن سهل الأندلسي / (رقم التسجيلة. 56371)
[ عرض عادي ]
| 000 -LEADER | |
|---|---|
| fixed length control field | 00540nam a22001817a 4500 |
| 005 - DATE AND TIME OF LATEST TRANSACTION | |
| control field | 20251108171106.0 |
| 008 - FIXED-LENGTH DATA ELEMENTS--GENERAL INFORMATION | |
| fixed length control field | 250721s1980 xx 000 0 ara d |
| 082 14 - DEWEY DECIMAL CLASSIFICATION NUMBER | |
| Classification number | م/811.6/سهل |
| 100 1# - MAIN ENTRY--PERSONAL NAME | |
| Personal name | ابن سهل الاندلسي، |
| 245 10 - TITLE STATEMENT | |
| Title | ديوان إبن سهل الأندلسي / |
| 264 1# - PRODUCTION, PUBLICATION, DISTRIBUTION, MANUFACTURE, AND COPYRIGHT NOTICE | |
| Place of production, publication, distribution, manufacture | بيروت : |
| Name of producer, publisher, distributor, manufacturer | دار صادر، |
| Date of production, publication, distribution, manufacture, or copyright notice | 1980. |
| 300 ## - PHYSICAL DESCRIPTION | |
| Extent | 380ص |
| 650 17 - SUBJECT ADDED ENTRY--TOPICAL TERM | |
| Topical term or geographic name as entry element | الشعر العربي |
| 650 17 - SUBJECT ADDED ENTRY--TOPICAL TERM | |
| Topical term or geographic name as entry element | العصر الاندلسي |
| 700 1# - ADDED ENTRY--PERSONAL NAME | |
| Personal name | عباس، إحسان |
| Relator term | قدم له |
| 942 ## - ADDED ENTRY ELEMENTS (KOHA) | |
| Source of classification or shelving scheme | Dewey Decimal Classification |
| Koha item type | مراجع |
| حالة السحب | حالة الفقدان | مصدر التصنيف | حالة التلف | غير قابل للإعارة | المكتبة الرئيسية | المكتبة الحالية | موقع الرف | تاريخ التزويد | الرقم المتسلسل | Total Checkouts | رقم الإستدعاء | الباركود | تاريخ آخر ظهور | تاريخ الفاتورة | نوع المادة (كوها) |
|---|---|---|---|---|---|---|---|---|---|---|---|---|---|---|---|
| Dewey Decimal Classification | مكتبة أبو علندا العامة | مكتبة أبو علندا العامة | الإعارة | 13/10/2015 | ( 5189 ) | م/811.6/سهل | PLD00355344 | 28/07/2025 | 13/10/2015 | مراجع | |||||
| Dewey Decimal Classification | مكتبة الأميرة ايمان العامة | مكتبة الأميرة ايمان العامة | الإعارة | 20/11/2013 | [8831] | م/811.6/سهل | PLD00287316 | 28/07/2025 | 20/11/2013 | مراجع | |||||
| Dewey Decimal Classification | مكتبة حمزة العامة | مكتبة حمزة العامة | الإعارة | 31/01/2016 | (1725.) | م/811.6/سهل | PLD00370570 | 28/07/2025 | 31/01/2016 | مراجع | |||||
| Dewey Decimal Classification | Not For Loan | مكتبة صويلح العامة | مكتبة صويلح العامة | مراجع | 21/11/2018 | 1696317 | م/811.6/سهل | PLD00438793 | 28/07/2025 | 21/11/2018 | مراجع |